The Street lawyer (Record no. 17230)
[ view plain ]
| 000 -LEADER | |
|---|---|
| fixed length control field | 00246nam a22001097a 4500 |
| 008 - FIXED-LENGTH DATA ELEMENTS--GENERAL INFORMATION | |
| fixed length control field | 141211t xxu||||| |||| 00| 0 eng d |
| 020 ## - INTERNATIONAL STANDARD BOOK NUMBER | |
| International Standard Book Number | 9780099244929 |
| 100 ## - MAIN ENTRY--PERSONAL NAME | |
| Personal name | John Grisham |
| 9 (RLIN) | 954 |
| 245 ## - TITLE STATEMENT | |
| Title | The Street lawyer |
| 300 ## - PHYSICAL DESCRIPTION | |
| Extent | 359 |
| 942 ## - ADDED ENTRY ELEMENTS (KOHA) | |
| Source of classification or shelving scheme | |
| Koha item type | Book |
| Withdrawn status | Lost status | Source of classification or shelving scheme | Damaged status | Not for loan | Collection code | Permanent Location | Current Location | Date acquired | Total Checkouts | Total Renewals | Full call number | Barcode | Date last seen | Date last checked out | Price effective from | Koha item type |
|---|---|---|---|---|---|---|---|---|---|---|---|---|---|---|---|---|
| Atta-ur-Rahman School of Applied Biosciences (ASAB) | Atta-ur-Rahman School of Applied Biosciences (ASAB) | 12/11/2014 | 2 | 2 | Fic Grisham | ASAB3057 | 10/14/2025 | 11/15/2024 | 12/11/2014 | Book |
